Escrita (Registo nº 1359)

Detalhes MARC
000 -Etiqueta do registo
Cabeçalho 00556nam0a2200217 4500
005 - Identificador da versão
Campo de controlo 20240813121833.0
010 ## - Número internacional normalizado dos livros (ISBN)
Número (ISBN) 9789727423453
021 ## - Número do Depósito Legal
Código do país PT
Número 336 107/11
100 ## - Dados gerais de processamento
Dados gerais de processamento 20120216d2011 m y0pory5003 ba
102 ## - Pais de publicação ou produção
País de publicação Portugal
101 0# - Língua de publicação
Língua do texto, banda sonora, etc. Português
106 ## - Campo de dados codificados: material textual
Dados codificados do material textual r
105 ## - Campo de dados codificados: livros
Dados codificados dos livros y z 001yy
215 ## - Descrição física 
Indicação específica da natureza do documento e extensão da espécie 139 p.
200 1# - Titulo e menção de responsabilidade
Título próprio Escrita
Informação de outro título guião de implementação do programa
Primeira menção de responsabilidade Ivone Niza
-- Joaquim Segura
-- Irene Mota
210 ## - Publicação, Distribuição, etc. 
Lugar da edição, distribuição, etc. Lisboa
Nome do editor, distribuidor, etc. Ministério da Educação
Data da publicação, distribuição, etc. 2011
966 ## - Identificação da Biblioteca
Sigla NUMETECA
942 ## - Elementos de entrada adicionados (Koha)
Tipo de item no Koha Livro
Exemplares
Situação do levantamento Origin of item (home branch) (coded) Biblioteca de empréstimo Código de barras Cota Circulation type (not for loan) Tipo de documento Nota do exemplar Damaged status
  Biblioteca Escolar Eng. Nuno Mergulhão Biblioteca Escolar Eng. Nuno Mergulhão BENM3255 | 2011 37 EDU NI   Livro Sem mensagem  
  Biblioteca Escolar Eng. Nuno Mergulhão Biblioteca Escolar Eng. Nuno Mergulhão BENM3256 | 2011 37 EDU NI   Livro Sem mensagem  
  Biblioteca Escolar Eng. Nuno Mergulhão Biblioteca Escolar Eng. Nuno Mergulhão BENM3257 | 2011 37 EDU NI   Livro Sem mensagem  
  Biblioteca Escolar Eng. Nuno Mergulhão Biblioteca Escolar Eng. Nuno Mergulhão BENM3258 | 2011 37 EDU NI   Livro Sem mensagem